Portraits of Little women. Meg's story / (Registro nro. 10302)
[ vista simple ]
| 000 -LIDER | |
|---|---|
| fixed length control field | 00586nam a22002057a 4500 |
| 001 - NÚMERO DE CONTROL | |
| Identificador de número de control | 00006508 |
| 003 - IDENTIFICACDOR DE NÚMERO DE CONTROL | |
| control field | DO-SdBNP |
| 005 - DATE AND TIME OF LATEST TRANSACTION | |
| control field | 20160608092830.0 |
| 007 - CAMPOS FIJOS DE DESCRIPCIÓN FÍSICA | |
| fixed length control field | 00006508 |
| 008 - ELEMENTOS DE LONGITUD FIJA | |
| fixed length control field | 160608b 1998 nyu xxu||||| |||| 00| 0 spa d |
| 020 ## - ISBN | |
| International Standard Book Number | 0590510754 |
| 040 ## - FUENTE DE CATALOGACIÓN | |
| Agencia que crea de manera original el registro | BPMSU |
| Idioma de catalogación | spa |
| Agencia que realiza la transcripción | BPMSU |
| 092 ## - LOCALLY ASSIGNED DEWEY DECIMAL CALL NUMBER | |
| Número de clasificación | xxxxx |
| Número de ítem (Cutter) | xxxxx |
| 245 10 - MENCIÓN DE TITULO | |
| Título | Portraits of Little women. Meg's story / |
| Mención de responsabilidad | Susan Beth Pfeffer. |
| 260 ## - PUBLICACIÓN, DISTRIBUCIÓN, ETC. (PIE DE IMPRENTA) | |
| Lugar de publicación, distribución, etc | New York : |
| Nombre del editor, distribuidor, etc. | Scholastic, |
| Fecha de publicación, distribución, etc | 1998. |
| 300 ## - DESCRIPCIÓN FÍSICA | |
| Extensión | 81 p. : |
| Otros detalles físicos | il. ; |
| Dimensiones | 19 cm. |
| 830 ## - ASIENTO SECUNDARIO DE SERIE--TÍTULO UNIFORME | |
| Nombre de la parte o sección de una obra | Portraits of little women. |
| 942 ## - ADDED ENTRY ELEMENTS (KOHA) | |
| Source of classification or shelving scheme | Dewey Decimal Classification |
| Koha item type | Libros |
| 956 ## - LOCAL ELECTRONIC LOCATION AND ACCESS (OCLC) | |
| Método de acceso | LOPEREZ |
| Materiales especificados | 10 |
| Enlace | 20160608 |
| Campo enlazado y núm. de secuencia | BPMSU |
| Nombre de host | 00041 |
| Withdrawn status | Lost status | Source of classification or shelving scheme | Damaged status | Not for loan | Collection code | Home library | Current library | Date acquired | Source of acquisition | Total Checkouts | Barcode | Date last seen | Price effective from | Koha item type |
|---|---|---|---|---|---|---|---|---|---|---|---|---|---|---|
| Dewey Decimal Classification | Biblioteca Pública Metropolitana Salomé Ureña | Biblioteca Pública Metropolitana Salomé Ureña | 06/08/2016 | Donado por FUNDI | BPMSU16060091 | 06/08/2016 | 06/08/2016 | Libros |